| 000 | 01467nam a2200217Ia 4500 | ||
|---|---|---|---|
| 999 |
_c30429 _d30429 |
||
| 003 | OSt | ||
| 005 | 20210607092031.0 | ||
| 008 | 160316s2010 xxu||||| |||| 00| 0 eng d | ||
| 020 | _a978-9814282222 | ||
| 040 | _cNLS | ||
| 082 | _a337.1 YUN | ||
| 100 | _aYunling Zhang | ||
| 245 | _aChina and Asian regionalism | ||
| 260 |
_aLondon _bWorld Sceintific _c2010 |
||
| 300 |
_a229p _cv |
||
| 365 | _b Rs. 6,091 | ||
| 505 | _aContent: 1. East Asian cooperation: Path & approach; 2. Emerging East Asian regionalism; 3. Projecting East Asian community-building; 4. East Asian cooperation: Where is it going? 5. Northeast Asian community: is it possible to turn vision into reality? 6. The development of East Asian FTA; 7. China's FTA strategy: An overview; 8. Designing East Asian FTA: Rational and feasibility; 9. How to promote monetary and financial cooperation in East Asia; 10. The Asian financial crisis and regional cooperation; 11. Environment and Energy cooperation in East Asia; 12. China's economic emergence and regional cooperation; 13. China's accession to WTO and its impact on China-ASEAN relations; 14. China-ASEAN FTA and its impact; 15. Comparing China and Japan in developing the partnership with ASEAN; Index. | ||
| 650 | _a1. East Asia - Economic Integration2. East Asia - Economic Conditions3. China - Foreign Economic Relations - East Asia4. East Asia - Foreign Economic Relations - China | ||
| 700 |
_a _a |
||
| 942 |
_2ddc _cBK |
||